[Event "ESP-ch Universities"]
[Site "Madrid"]
[Date "2008.05.08"]
[Round "2"]
[White "Casanellas Ruano, Lluis"]
[Black "Cobo Montejo, Miguel Angel"]
[Result "1-0"]
[WhiteElo "2146"]
[BlackElo "1918"]
[PlyCount "105"]
[EventDate "2008.05.08"]
[EventType "swiss"]
[EventRounds "9"]
[EventCountry "ESP"]
[SourceTitle "CBM 124 Extra"]
[Source "ChessBase"]
[SourceDate "2008.07.03"]
[SourceVersion "1"]
[SourceVersionDate "2008.07.03"]
[SourceQuality "1"]

1. e4 c5 2. Nf3 d6 3. d4 cxd4 4. Nxd4 Nf6 5. f3 a6 6. c4 Qc7 7. Be2 e6 8. Be3 Be7 9. 0-0 Nbd7 10. Qd2 0-0 11. Nc3 b6 12. Rfd1 Bb7 13. Bf1 Ne5 14. b3 Rfd8 15. Qf2 Rac8 16. Nde2 Ned7 17. Rac1 Ne8 18. Bd4 Bf6 19. Bxf6 Ndxf6 20. Na4 Nd7 21. Qg3 Bc6 22. Nac3 Qb7 23. Nd4 Ndf6 24. b4 Nc7 25. h3 b5 26. Nxc6 Qxc6 27. cxb5 Qb6+ 28. Qf2 Qxf2+ 29. Kxf2 axb5 30. Nxb5 Nxb5 31. Bxb5 d5 32. e5 Ne8 33. Rxc8 Rxc8 34. Bxe8 Rxe8 35. a4 Rc8 36. Rd2 Kf8 37. b5 Ke7 38. a5 Ra8 39. a6 Kd7 40. Rc2 f6 41. f4 h6 42. Ke3 Ra7 43. Kd4 Ra8 44. Rc3 Ra7 45. h4 h5 46. Rg3 Kc8 47. Kc5 fxe5 48. fxe5 Rd7 49. b6 d4 50. Rf3 Rd8 51. b7+ Kc7 52. Rf7+ Kb8 53. Kb6 1-0